The illegal business of human trafficking
| Contributors: | |
|---|---|
| Format: | Print Book |
| Language: | English |
| Published: |
Cham Heidelberg New York Dordrecht London
Springer
2015
|
| In: | Year: 2015 |
| Online Access: |
Cover Contents Table of Contents Table of Contents Blurb |
| Availability in Tübingen: | Present in Tübingen. UB: KB 20 A 7242 |
| Check availability: | HBZ Gateway |
| Subito Delivery Service: | Order now. |
| Keywords: |
MARC
| LEADER | 00000cam a2200000 c 4500 | ||
|---|---|---|---|
| 001 | 1610015282 | ||
| 003 | DE-627 | ||
| 005 | 20251225193918.0 | ||
| 007 | tu | ||
| 008 | 140716s2015 xx ||||| 00| ||eng c | ||
| 010 | |a 2014957173 | ||
| 020 | |a 9783319094403 |c Pp. : EUR 106.99 (DE, freier Pr.), EUR 109.99 (AT, freier Pr.), sfr 133.50 (freier Pr.) |9 978-3-319-09440-3 | ||
| 024 | 3 | |a 9783319094403 | |
| 028 | 5 | 2 | |a 86299075 |
| 035 | |a (DE-627)1610015282 | ||
| 035 | |a (DE-576)409690082 | ||
| 035 | |a (DE-599)BSZ409690082 | ||
| 035 | |a (OCoLC)904032000 | ||
| 035 | |a (OCoLC)885417066 | ||
| 040 | |a DE-627 |b ger |c DE-627 |e rakwb | ||
| 041 | |a eng | ||
| 044 | |c XA-CH-ZG |c XA-DE-BW |c XD-US |c XA-NL |c XA-GB |c XA-CH |c XA-DE | ||
| 072 | 7 | |a JPVH |2 bicssc | |
| 072 | 7 | |a LAW051000 |2 bisacsh | |
| 082 | 0 | |a 340 |q BSZ | |
| 082 | 0 | 4 | |a 340 |
| 084 | |a 2,1 |2 ssgn | ||
| 084 | |a PH 6520 |2 rvk |0 (DE-625)rvk/136444:401 | ||
| 090 | |a a | ||
| 245 | 0 | 4 | |a The illegal business of human trafficking |c Maria João Guia ed. |
| 263 | |a 2015-02-14 | ||
| 264 | 1 | |a Cham |a Heidelberg |a New York |a Dordrecht |a London |b Springer |c 2015 | |
| 300 | |a XXII, 154 S. |c 25 cm | ||
| 336 | |a Text |b txt |2 rdacontent | ||
| 337 | |a ohne Hilfsmittel zu benutzen |b n |2 rdamedia | ||
| 338 | |a Band |b nc |2 rdacarrier | ||
| 490 | 0 | |a Law | |
| 500 | |a Literaturangaben | ||
| 583 | 1 | |a Archivierung/Langzeitarchivierung gewährleistet |f SSG |x XA-DE-BW |2 pdager |5 DE-21 | |
| 650 | 7 | |8 1.1\x |a Menschenhandel |0 (DE-627)091412358 |0 (DE-2867)29736-6 |2 stw | |
| 650 | 7 | |8 1.2\x |a Prostitution |0 (DE-627)091384753 |0 (DE-2867)16672-6 |2 stw | |
| 650 | 7 | |8 1.3\x |a Großbritannien |0 (DE-627)091364442 |0 (DE-2867)17374-2 |2 stw | |
| 650 | 7 | |8 1.4\x |a Spanien |0 (DE-627)091390672 |0 (DE-2867)17161-5 |2 stw | |
| 650 | 7 | |8 1.5\x |a Brasilien |0 (DE-627)091352789 |0 (DE-2867)17915-1 |2 stw | |
| 650 | 7 | |8 1.6\x |a Portugal |0 (DE-627)091383730 |0 (DE-2867)17104-3 |2 stw | |
| 650 | 4 | |a Criminology | |
| 650 | 4 | |a Law | |
| 655 | 7 | |a Aufsatzsammlung |0 (DE-588)4143413-4 |0 (DE-627)105605727 |0 (DE-576)209726091 |2 gnd-content | |
| 689 | 0 | 0 | |d s |0 (DE-588)4125897-6 |0 (DE-627)104665149 |0 (DE-576)20958050X |a Menschenhandel |2 gnd |
| 689 | 0 | 1 | |d s |0 (DE-588)4076308-0 |0 (DE-627)104364106 |0 (DE-576)209201428 |a Prävention |2 gnd |
| 689 | 0 | 2 | |d s |0 (DE-588)4057795-8 |0 (DE-627)106149458 |0 (DE-576)209123737 |a Strafrecht |2 gnd |
| 689 | 0 | |5 (DE-627) | |
| 700 | 1 | |a Guia, Maria João |e Hrsg. |0 (DE-588)1029474435 |0 (DE-627)73359641X |0 (DE-576)333228103 |4 edt | |
| 776 | 1 | |o 10.1007/978-3-319-09441-0 | |
| 776 | 1 | |z 9783319094410 | |
| 856 | 4 | 2 | |u https://swbplus.bsz-bw.de/bsz409690082inh.htm |m V:DE-576;B:DE-Frei85 |q application/pdf |v 20150227105040 |3 Inhaltsverzeichnis |7 1 |
| 856 | 4 | 2 | |u https://swbplus.bsz-bw.de/bsz409690082cov.jpg |m V:DE-576 |m X:springer |q image/jpeg |v 20150618172716 |3 Cover |7 1 |
| 856 | 4 | 2 | |u https://swbplus.bsz-bw.de/bsz409690082kla.htm |m V:DE-576;B:DE-21 |q application/pdf |v 20150227114804 |3 Klappentext |7 1 |
| 856 | 4 | 2 | |u http://deposit.dnb.de/cgi-bin/dokserv?id=4697175&prov=M&dok_var=1&dok_ext=htm |m X:MVB |q text/html |3 Inhaltstext |7 1 |
| 856 | 4 | 2 | |u http://www.gbv.de/dms/zbw/790757206.pdf |m V:DE-601 |m B:DE-206 |q pdf/application |v 2015-02-23 |x Verlag |y Inhaltsverzeichnis |3 Inhaltsverzeichnis |7 1 |
| 889 | |w (DE-627)790757206 | ||
| 935 | |i mdedup | ||
| 935 | |i sf | ||
| 936 | r | v | |a PH 6520 |b Grundnotation |k Rechtswissenschaft |k Strafrecht, Strafverfahrensrecht, Kriminologie |k Vergleichendes und ausländisches Straf- und Strafprozessrecht einschliesslich Strafvollzug |k Ausländisches Recht - Einzelne Länder |k Amerika |k Südamerika |k Brasilien |k Grundnotation |0 (DE-627)1272237605 |0 (DE-625)rvk/136444:401 |0 (DE-576)202237605 |
| 951 | |a BO | ||
| ELC | |b 1 | ||
| LOK | |0 000 xxxxxcx a22 zn 4500 | ||
| LOK | |0 001 3148687671 | ||
| LOK | |0 003 DE-627 | ||
| LOK | |0 004 1610015282 | ||
| LOK | |0 005 20150217165553 | ||
| LOK | |0 008 140716||||||||||||||||ger||||||| | ||
| LOK | |0 040 |a DE-21 |c DE-627 |d DE-21 | ||
| LOK | |0 852 |a DE-21 | ||
| LOK | |0 852 1 |c KB 20 A 7242 |9 00 | ||
| LOK | |0 935 |a krim | ||
| LOK | |0 936ln |a k10.15 | ||
| LOK | |0 938 |a 1502 |f 34 | ||
| LOK | |0 939 |a 16-07-14 |b l01 | ||
| LOK | |0 000 xxxxxcx a22 zn 4500 | ||
| LOK | |0 001 3148687884 | ||
| LOK | |0 003 DE-627 | ||
| LOK | |0 004 1610015282 | ||
| LOK | |0 005 20150224112417 | ||
| LOK | |0 008 141006||||||||||||||||ger||||||| | ||
| LOK | |0 040 |a DE-Frei85 |c DE-627 |d DE-Frei85 | ||
| LOK | |0 852 |a DE-Frei85 | ||
| LOK | |0 852 1 |m p |9 00 | ||
| LOK | |0 938 |k p | ||
| LOK | |0 939 |a 06-10-14 |b l01 | ||
| ORI | |a SA-MARC-krimdoka001.raw | ||
| SIG | |a UB: KB 20 A 7242 | ||
